[Event "EYTCC-G"]
[Site "?"]
[Date "2017.08.19"]
[Round "3.14"]
[White "Moscicka, Pola"]
[Black "Rogozenco, Teodora"]
[Result "0-1"]
[BlackElo "2162"]
[WhiteElo "1869"]
[LiveChessVersion "1.4.6"]

1. d4 {[%clk 1:30:56]} Nf6 {[%clk 1:30:54]} 2. c4 {[%clk 1:31:12]} g6
{[%clk 1:31:19]} 3. Nc3 {[%clk 1:31:35]} Bg7 {[%clk 1:31:46]} 4. e4
{[%clk 1:31:58]} d6 {[%clk 1:32:12]} 5. Nf3 {[%clk 1:32:17]} O-O {[%clk 1:32:35]}
6. Be2 {[%clk 1:32:42]} Na6 {[%clk 1:33:00]} 7. O-O {[%clk 1:32:31]} e5
{[%clk 1:33:24]} 8. Re1 {[%clk 1:31:32]} c6 {[%clk 1:33:15]} 9. Bf1
{[%clk 1:29:01]} Qc7 {[%clk 1:31:11]} 10. h3 {[%clk 1:24:57]} Re8
{[%clk 1:27:20]} 11. Be3 {[%clk 1:19:32]} Bd7 {[%clk 1:20:04]} 12. c5
{[%clk 1:10:59]} d5 {[%clk 0:40:39]} 13. exd5 {[%clk 1:01:38]} Nxd5
{[%clk 0:39:25]} 14. Nxd5 {[%clk 1:00:42]} cxd5 {[%clk 0:39:48]} 15. Bxa6
{[%clk 0:58:52]} exd4 {[%clk 0:38:07]} 16. Nxd4 {[%clk 0:45:00]} bxa6
{[%clk 0:38:25]} 17. Rc1 {[%clk 0:44:40]} Bc6 {[%clk 0:35:14]} 18. b3
{[%clk 0:41:04]} Re4 {[%clk 0:35:05]} 19. Qd3 {[%clk 0:33:53]} Rae8
{[%clk 0:34:36]} 20. Red1 {[%clk 0:31:33]} Bd7 {[%clk 0:33:25]} 21. Qxa6
{[%clk 0:22:14]} Bxh3 {[%clk 0:31:53]} 22. Qd6 {[%clk 0:17:11]} Qc8
{[%clk 0:28:59]} 23. Ne2 {[%clk 0:10:04]} Be5 {[%clk 0:23:09]} 24. Qxd5
{[%clk 0:09:52]} Qg4 {[%clk 0:22:24]} 25. Ng3 {[%clk 0:07:43]} Bxg3
{[%clk 0:21:03]} 26. gxh3 {[%clk 0:07:32]} Qxh3 {[%clk 0:21:01]} 27. Qd2
{[%clk 0:04:13]} Bh2+ {[%clk 0:21:08]} 28. Kh1 {[%clk 0:04:24]} Bc7+
{[%clk 0:21:27]} 0-1

[Event "EYTCC-G"]
[Site "?"]
[Date "2017.08.19"]
[Round "3.15"]
[White "Kozubal, Aleksandra"]
[Black "Egyed, Judit"]
[Result "0-1"]
[BlackElo "2162"]
[WhiteElo "1733"]
[LiveChessVersion "1.4.6"]

1. d4 {[%clk 1:30:56]} Nf6 {[%clk 1:30:52]} 2. Bf4 {[%clk 1:31:12]} g6
{[%clk 1:31:06]} 3. e3 {[%clk 1:31:18]} Bg7 {[%clk 1:31:27]} 4. Nf3
{[%clk 1:31:38]} d6 {[%clk 1:31:50]} 5. h3 {[%clk 1:31:52]} Nbd7 {[%clk 1:31:32]}
6. c3 {[%clk 1:30:43]} c5 {[%clk 1:29:12]} 7. Nbd2 {[%clk 1:27:54]} a6
{[%clk 1:25:04]} 8. a4 {[%clk 1:24:43]} O-O {[%clk 1:23:20]} 9. Bd3
{[%clk 1:17:20]} cxd4 {[%clk 1:20:36]} 10. cxd4 {[%clk 1:07:22]} Nd5
{[%clk 1:19:03]} 11. Bg3 {[%clk 1:06:19]} Nb4 {[%clk 1:15:39]} 12. Bc4
{[%clk 0:59:17]} Nb6 {[%clk 1:13:31]} 13. Bxf7+ {[%clk 0:42:53]} Rxf7
{[%clk 1:12:06]} 14. Ng5 {[%clk 0:40:30]} Rf5 {[%clk 1:05:20]} 15. Qb3+
{[%clk 0:39:53]} Kh8 {[%clk 0:42:42]} 16. h4 {[%clk 0:33:50]} a5 {[%clk 0:37:01]}
17. e4 {[%clk 0:27:01]} Rxg5 {[%clk 0:33:01]} 18. hxg5 {[%clk 0:27:24]} Qg8
{[%clk 0:25:44]} 19. Ke2 {[%clk 0:14:13]} Qxb3 {[%clk 0:25:16]} 20. Nxb3
{[%clk 0:14:38]} Be6 {[%clk 0:22:56]} 21. d5 {[%clk 0:11:05]} Bd7
{[%clk 0:23:11]} 22. Nd2 {[%clk 0:09:43]} Nxa4 {[%clk 0:22:44]} 23. Rac1
{[%clk 0:08:53]} Bb5+ {[%clk 0:20:26]} 24. Ke3 {[%clk 0:08:12]} Nxb2
{[%clk 0:17:51]} 25. Rc7 {[%clk 0:06:47]} Rf8 {[%clk 0:18:16]} 26. f4
{[%clk 0:04:07]} Re8 {[%clk 0:12:32]} 27. Rxb7 {[%clk 0:04:12]} Nc2+
{[%clk 0:10:58]} 28. Kf2 {[%clk 0:03:13]} Nd3+ {[%clk 0:10:47]} 29. Kg1
{[%clk 0:02:23]} Bd4+ {[%clk 0:10:14]} 30. Kh2 {[%clk 0:02:49]} Ba6
{[%clk 0:09:49]} 31. Rc7 {[%clk 0:03:08]} Nc5 {[%clk 0:09:11]} 32. Nb3
{[%clk 0:01:33]} Nxb3 {[%clk 0:08:57]} 33. Rxc2 {[%clk 0:02:02]} Bd3
{[%clk 0:09:08]} 34. Ra2 {[%clk 0:01:20]} Bxe4 {[%clk 0:08:45]} 35. Re1
{[%clk 0:00:59]} Bxd5 {[%clk 0:08:14]} 36. Rc2 {[%clk 0:01:00]} e5
{[%clk 0:07:24]} 37. fxe5 {[%clk 0:00:48]} dxe5 {[%clk 0:07:38]} 38. Rce2
{[%clk 0:00:44]} Bc4 {[%clk 0:07:10]} 39. Bxe5+ {[%clk 0:00:45]} Kg8
{[%clk 0:05:31]} 40. Re4 {[%clk 0:30:43]} Bd3 {[%clk 0:35:38]} 0-1

[Event "EYTCC-G"]
[Site "?"]
[Date "2017.08.19"]
[Round "3.16"]
[White "Kovacs, Judit"]
[Black "Krzysztynska, Anna"]
[Result "0-1"]
[BlackElo "1717"]
[WhiteElo "2062"]
[LiveChessVersion "1.4.6"]

1. Nf3 {[%clk 1:30:57]} Nf6 {[%clk 1:30:47]} 2. c4 {[%clk 1:31:19]} g6
{[%clk 1:31:01]} 3. g3 {[%clk 1:31:38]} Bg7 {[%clk 1:31:19]} 4. Bg2
{[%clk 1:31:53]} O-O {[%clk 1:31:23]} 5. d4 {[%clk 1:32:12]} d6 {[%clk 1:31:13]}
6. Nc3 {[%clk 1:32:23]} Nc6 {[%clk 1:30:45]} 7. O-O {[%clk 1:32:26]} e5
{[%clk 1:29:48]} 8. d5 {[%clk 1:31:24]} Ne7 {[%clk 1:29:27]} 9. c5
{[%clk 1:30:19]} Nh5 {[%clk 1:09:56]} 10. cxd6 {[%clk 1:25:04]} cxd6
{[%clk 1:07:22]} 11. Qb3 {[%clk 1:23:28]} f5 {[%clk 1:01:53]} 12. Nd2
{[%clk 1:20:47]} a6 {[%clk 0:58:31]} 13. a4 {[%clk 1:19:30]} Rb8 {[%clk 0:52:41]}
14. a5 {[%clk 1:16:00]} b5 {[%clk 0:47:17]} 15. axb6 {[%clk 1:15:32]} Rxb6
{[%clk 0:47:21]} 16. Qa2 {[%clk 1:08:51]} Qc7 {[%clk 0:39:35]} 17. Nc4
{[%clk 1:04:53]} Rb8 {[%clk 0:37:37]} 18. Bd2 {[%clk 0:57:19]} e4
{[%clk 0:30:14]} 19. Rac1 {[%clk 0:49:29]} Bb7 {[%clk 0:26:48]} 20. f3
{[%clk 0:41:27]} Bxc3 {[%clk 0:18:04]} 21. Rxc3 {[%clk 0:30:38]} Bxd5
{[%clk 0:17:14]} 22. Kh1 {[%clk 0:21:35]} Qb7 {[%clk 0:15:10]} 23. Bg5
{[%clk 0:15:55]} Nf6 {[%clk 0:10:47]} 24. Bxf6 {[%clk 0:13:58]} Rxf6
{[%clk 0:10:58]} 25. fxe4 {[%clk 0:10:55]} Bxe4 {[%clk 0:08:59]} 26. Nxd6+
{[%clk 0:10:18]} Qd5 {[%clk 0:09:07]} 27. Qxd5+ {[%clk 0:09:21]} Bxd5
{[%clk 0:09:01]} 28. e4 {[%clk 0:06:06]} Rxd6 {[%clk 0:08:25]} 29. exd5
{[%clk 0:06:29]} Rxb2 {[%clk 0:08:13]} 30. Re1 {[%clk 0:06:27]} Nxd5
{[%clk 0:03:17]} 31. Rc8+ {[%clk 0:04:58]} Kg7 {[%clk 0:02:10]} 32. Bf3
{[%clk 0:03:28]} Nf6 {[%clk 0:01:13]} 33. Ra8 {[%clk 0:02:03]} Rdb6
{[%clk 0:00:55]} 34. Ra7+ {[%clk 0:01:12]} Kh6 {[%clk 0:01:02]} 35. Be2
{[%clk 0:00:52]} Ne4 {[%clk 0:00:47]} 36. Bd3 {[%clk 0:00:47]} Nf2+
{[%clk 0:01:05]} 0-1

[Event "EYTCC-G"]
[Site "?"]
[Date "2017.08.19"]
[Round "3.17"]
[White "Sucikova, Svetlana"]
[Black "Srdanovic, Jovana"]
[Result "1-0"]
[BlackElo "2105"]
[WhiteElo "2015"]
[LiveChessVersion "1.4.6"]

1. c4 {[%clk 1:30:08]} c6 {[%clk 1:30:25]} 2. Nc3 {[%clk 1:29:14]} d5
{[%clk 1:29:10]} 3. e3 {[%clk 1:29:03]} Nf6 {[%clk 1:28:16]} 4. b3
{[%clk 1:23:48]} g6 {[%clk 1:24:28]} 5. Bb2 {[%clk 1:21:35]} Bg7 {[%clk 1:24:22]}
6. Nf3 {[%clk 1:18:47]} O-O {[%clk 1:22:44]} 7. d4 {[%clk 1:16:18]} Nbd7
{[%clk 1:07:01]} 8. Bd3 {[%clk 1:15:08]} Re8 {[%clk 1:06:44]} 9. O-O
{[%clk 1:09:15]} Nf8 {[%clk 0:57:42]} 10. Rc1 {[%clk 1:04:28]} Bg4
{[%clk 0:53:37]} 11. h3 {[%clk 1:04:03]} Bxf3 {[%clk 0:52:02]} 12. Qxf3
{[%clk 1:04:20]} Ne6 {[%clk 0:51:48]} 13. Rfd1 {[%clk 0:59:29]} Qd6
{[%clk 0:44:49]} 14. Rc2 {[%clk 0:54:05]} Rad8 {[%clk 0:39:26]} 15. Rdc1
{[%clk 0:46:30]} Ng5 {[%clk 0:34:23]} 16. Qe2 {[%clk 0:44:32]} dxc4
{[%clk 0:32:04]} 17. Bxc4 {[%clk 0:43:43]} Nge4 {[%clk 0:30:58]} 18. Nxe4
{[%clk 0:30:01]} Nxe4 {[%clk 0:31:14]} 19. Qf3 {[%clk 0:30:16]} Ng5
{[%clk 0:28:03]} 20. Qg4 {[%clk 0:29:45]} h6 {[%clk 0:26:55]} 21. h4
{[%clk 0:23:22]} Nh7 {[%clk 0:26:54]} 22. b4 {[%clk 0:16:04]} h5 {[%clk 0:24:30]}
23. Qf3 {[%clk 0:15:14]} Qf6 {[%clk 0:23:03]} 24. Qe4 {[%clk 0:13:06]} Qd6
{[%clk 0:17:08]} 25. b5 {[%clk 0:11:16]} e5 {[%clk 0:15:46]} 26. Qf3
{[%clk 0:11:05]} Qf6 {[%clk 0:12:46]} 27. Qxf6 {[%clk 0:09:47]} Bxf6
{[%clk 0:13:01]} 28. dxe5 {[%clk 0:10:10]} Bxe5 {[%clk 0:13:03]} 29. bxc6
{[%clk 0:08:49]} bxc6 {[%clk 0:12:56]} 30. Bxe5 {[%clk 0:07:11]} Rxe5
{[%clk 0:13:21]} 31. Bb3 {[%clk 0:07:01]} Re4 {[%clk 0:11:07]} 32. Rxc6
{[%clk 0:07:13]} Rd7 {[%clk 0:07:24]} 33. Rxg6+ {[%clk 0:07:31]} Kf8
{[%clk 0:07:46]} 34. Rc8+ {[%clk 0:07:45]} Re8 {[%clk 0:07:35]} 35. Rxe8+
{[%clk 0:07:56]} Kxe8 {[%clk 0:07:59]} 36. Rh6 {[%clk 0:08:21]} 1-0

[Event "EYTCC-G"]
[Site "?"]
[Date "2017.08.19"]
[Round "3.18"]
[White "Nestorovic, Katarina"]
[Black "Vrtiakova, Anna"]
[Result "1-0"]
[BlackElo "1971"]
[WhiteElo "1941"]
[LiveChessVersion "1.4.6"]

1. e4 {[%clk 1:30:57]} c5 {[%clk 1:30:54]} 2. Nf3 {[%clk 1:31:19]} d6
{[%clk 1:31:14]} 3. d4 {[%clk 1:31:43]} cxd4 {[%clk 1:31:39]} 4. Nxd4
{[%clk 1:32:10]} Nf6 {[%clk 1:31:59]} 5. Nc3 {[%clk 1:32:31]} a6 {[%clk 1:32:23]}
6. Be3 {[%clk 1:32:44]} e5 {[%clk 1:32:35]} 7. Nb3 {[%clk 1:33:04]} Be6
{[%clk 1:31:41]} 8. h3 {[%clk 1:33:16]} Be7 {[%clk 1:27:38]} 9. Qf3
{[%clk 1:33:23]} Qc7 {[%clk 1:25:33]} 10. O-O-O {[%clk 1:32:18]} b5
{[%clk 1:23:01]} 11. g4 {[%clk 1:30:29]} Nc6 {[%clk 1:17:41]} 12. Kb1
{[%clk 1:28:50]} Nd7 {[%clk 1:08:40]} 13. Nd5 {[%clk 1:24:33]} Bxd5
{[%clk 1:07:19]} 14. exd5 {[%clk 1:24:54]} Na5 {[%clk 1:06:30]} 15. Nxa5
{[%clk 1:23:33]} Qxa5 {[%clk 1:06:53]} 16. Bd3 {[%clk 1:23:09]} b4
{[%clk 0:57:15]} 17. g5 {[%clk 1:18:25]} Nc5 {[%clk 0:43:37]} 18. Bxc5
{[%clk 1:16:03]} Qxc5 {[%clk 0:43:32]} 19. Qg2 {[%clk 0:50:26]} Ra7
{[%clk 0:26:54]} 20. Rhe1 {[%clk 0:47:14]} O-O {[%clk 0:17:27]} 21. Qe4
{[%clk 0:36:11]} g6 {[%clk 0:17:40]} 22. h4 {[%clk 0:29:33]} f5 {[%clk 0:09:58]}
23. gxf6 {[%clk 0:24:54]} Bxf6 {[%clk 0:10:14]} 24. Qg4 {[%clk 0:20:07]} a5
{[%clk 0:05:55]} 25. Re4 {[%clk 0:19:45]} Qc8 {[%clk 0:04:54]} 26. Qg2
{[%clk 0:14:03]} Qb8 {[%clk 0:02:10]} 27. Rg1 {[%clk 0:06:47]} a4
{[%clk 0:01:58]} 28. h5 {[%clk 0:06:50]} g5 {[%clk 0:01:57]} 29. f4
{[%clk 0:06:23]} exf4 {[%clk 0:01:25]} 30. Rxf4 {[%clk 0:06:23]} h6
{[%clk 0:00:41]} 31. Qe4 {[%clk 0:05:24]} Qe8 {[%clk 0:01:02]} 32. Qxe8
{[%clk 0:05:16]} Rxe8 {[%clk 0:01:28]} 33. Rxf6 {[%clk 0:05:23]} Rae7
{[%clk 0:00:57]} 34. Rg6+ {[%clk 0:05:29]} Rg7 {[%clk 0:01:00]} 35. Rxd6
{[%clk 0:04:23]} g4 {[%clk 0:01:09]} 36. Bg6 {[%clk 0:04:19]} Rf8
{[%clk 0:00:55]} 37. c4 {[%clk 0:04:04]} bxc3 {[%clk 0:01:03]} 38. bxc3
{[%clk 0:04:27]} Rb7+ {[%clk 0:00:57]} 39. Kc1 {[%clk 0:04:34]} Rf4
{[%clk 0:00:54]} 40. Re6 {[%clk 0:34:04]} a3 {[%clk 0:30:53]} 41. Rge1
{[%clk 0:30:45]} g3 {[%clk 0:28:25]} 42. Be4 {[%clk 0:23:40]} Rf2
{[%clk 0:20:48]} 43. d6 {[%clk 0:20:20]} Rbf7 {[%clk 0:15:47]} 44. Rg6+
{[%clk 0:18:03]} Kh8 {[%clk 0:13:46]} 45. Rxh6+ {[%clk 0:16:58]} Kg7
{[%clk 0:14:09]} 46. Rh7+ {[%clk 0:16:45]} Kf6 {[%clk 0:14:19]} 47. Rxf7+
{[%clk 0:17:09]} Kxf7 {[%clk 0:14:43]} 48. Bd5+ {[%clk 0:17:06]} Kg7
{[%clk 0:14:10]} 49. d7 {[%clk 0:17:12]} 1-0

[Event "EYTCC-G"]
[Site "?"]
[Date "2017.08.20"]
[Round "4.1"]
[White "Rozman, Monika"]
[Black "Martynkova, Olena"]
[Result "0-1"]
[BlackElo "2179"]
[WhiteElo "2082"]
[LiveChessVersion "1.4.6"]

1. f4 {[%clk 1:30:53]} Nf6 {[%clk 1:30:23]} 2. Nf3 {[%clk 1:31:17]} g6
{[%clk 1:30:18]} 3. g3 {[%clk 1:31:20]} Bg7 {[%clk 1:30:04]} 4. d3
{[%clk 1:31:33]} d5 {[%clk 1:29:35]} 5. Bg2 {[%clk 1:31:44]} O-O {[%clk 1:28:58]}
6. O-O {[%clk 1:31:51]} c5 {[%clk 1:28:12]} 7. Qe1 {[%clk 1:30:59]} Nc6
{[%clk 1:26:40]} 8. c3 {[%clk 1:29:46]} b6 {[%clk 1:24:57]} 9. Na3
{[%clk 1:25:11]} Ba6 {[%clk 1:11:58]} 10. h3 {[%clk 1:22:02]} Qc7
{[%clk 1:06:27]} 11. Qf2 {[%clk 1:16:54]} Rae8 {[%clk 0:58:24]} 12. Bd2
{[%clk 1:10:58]} e5 {[%clk 0:53:58]} 13. fxe5 {[%clk 1:03:47]} Nxe5
{[%clk 0:54:02]} 14. g4 {[%clk 1:03:46]} Nxf3+ {[%clk 0:43:16]} 15. Qxf3
{[%clk 1:03:24]} Bb7 {[%clk 0:31:23]} 16. Bf4 {[%clk 0:57:55]} Qd7
{[%clk 0:29:59]} 17. Rf2 {[%clk 0:55:09]} Re6 {[%clk 0:24:56]} 18. Nc2
{[%clk 0:53:53]} Bc6 {[%clk 0:23:55]} 19. Qg3 {[%clk 0:53:38]} Rfe8
{[%clk 0:20:22]} 20. Bf3 {[%clk 0:51:26]} d4 {[%clk 0:19:30]} 21. c4
{[%clk 0:43:17]} Qb7 {[%clk 0:16:00]} 22. Bxc6 {[%clk 0:34:27]} Qxc6
{[%clk 0:16:12]} 23. Qh2 {[%clk 0:34:46]} Nd7 {[%clk 0:12:41]} 24. Raf1
{[%clk 0:34:05]} Be5 {[%clk 0:10:52]} 25. Bxe5 {[%clk 0:27:20]} Nxe5
{[%clk 0:11:17]} 26. Qf4 {[%clk 0:27:42]} f6 {[%clk 0:09:01]} 27. Ne1
{[%clk 0:23:57]} g5 {[%clk 0:07:17]} 28. Qd2 {[%clk 0:19:57]} Ng6
{[%clk 0:06:47]} 29. Ng2 {[%clk 0:20:15]} Kg7 {[%clk 0:05:11]} 30. a3
{[%clk 0:19:22]} a5 {[%clk 0:05:09]} 31. Re1 {[%clk 0:18:41]} Re3
{[%clk 0:04:07]} 32. Rf3 {[%clk 0:17:53]} Rxf3 {[%clk 0:03:38]} 33. exf3
{[%clk 0:18:18]} Rxe1+ {[%clk 0:04:01]} 34. Nxe1 {[%clk 0:17:24]} Nf4
{[%clk 0:01:44]} 35. h4 {[%clk 0:16:26]} Qe6 {[%clk 0:01:49]} 36. Ng2
{[%clk 0:14:12]} Nxg2 {[%clk 0:00:43]} 37. Kxg2 {[%clk 0:14:40]} gxh4
{[%clk 0:00:50]} 38. Qf4 {[%clk 0:10:23]} Qe2+ {[%clk 0:01:01]} 39. Kh3
{[%clk 0:10:44]} Qf2 {[%clk 0:00:37]} 40. Qc7+ {[%clk 0:38:48]} Kg6
{[%clk 0:31:01]} 41. Qf4 {[%clk 0:39:10]} Qe1 {[%clk 0:24:53]} 42. Qf5+
{[%clk 0:30:07]} Kg7 {[%clk 0:25:01]} 43. Kg2 {[%clk 0:25:52]} Qg3+
{[%clk 0:24:06]} 44. Kf1 {[%clk 0:26:15]} h3 {[%clk 0:23:04]} 45. Qd7+
{[%clk 0:25:04]} Kh6 {[%clk 0:23:20]} 46. g5+ {[%clk 0:24:21]} Kxg5
{[%clk 0:19:26]} 47. Qg7+ {[%clk 0:22:13]} Kf4 {[%clk 0:19:47]} 48. Qxf6+
{[%clk 0:22:04]} Ke3 {[%clk 0:20:12]} 49. Qh6+ {[%clk 0:18:56]} Kxd3
{[%clk 0:19:26]} 50. Qxh7+ {[%clk 0:17:00]} Kd2 {[%clk 0:19:28]} 51. Qh6+
{[%clk 0:17:24]} Kd1 {[%clk 0:19:37]} 0-1

[Event "EYTCC-G"]
[Site "?"]
[Date "2017.08.20"]
[Round "4.2"]
[White "Krasnokutskaya, Sofiya"]
[Black "Urh, Zala"]
[Result "1-0"]
[BlackElo "2100"]
[WhiteElo "2182"]
[LiveChessVersion "1.4.6"]

1. e4 {[%clk 1:30:55]} e5 {[%clk 1:30:51]} 2. Nf3 {[%clk 1:31:19]} Nc6
{[%clk 1:31:15]} 3. Bb5 {[%clk 1:31:45]} Nf6 {[%clk 1:31:36]} 4. d3
{[%clk 1:30:30]} Bc5 {[%clk 1:31:52]} 5. O-O {[%clk 1:30:38]} O-O
{[%clk 1:31:38]} 6. Bxc6 {[%clk 1:25:42]} bxc6 {[%clk 1:28:36]} 7. Nxe5
{[%clk 1:25:53]} d5 {[%clk 1:24:21]} 8. Nc3 {[%clk 1:12:07]} Qe8 {[%clk 1:10:23]}
9. Nf3 {[%clk 1:06:05]} dxe4 {[%clk 1:09:12]} 10. Re1 {[%clk 1:05:32]} Bf5
{[%clk 1:07:03]} 11. Bg5 {[%clk 1:02:02]} Qe6 {[%clk 1:02:25]} 12. Bxf6 Qxf6 13.
dxe4 {[%clk 0:49:55]} Rfd8 {[%clk 0:58:08]} 14. Qe2 {[%clk 0:49:01]} Bg4
{[%clk 0:58:24]} 15. Rad1 {[%clk 0:43:22]} h6 {[%clk 0:56:22]} 16. e5
{[%clk 0:40:15]} Qg6 {[%clk 0:55:58]} 17. Ne4 {[%clk 0:39:02]} Bb4
{[%clk 0:51:30]} 18. c3 {[%clk 0:39:06]} Be7 {[%clk 0:51:53]} 19. Ng3
{[%clk 0:37:33]} h5 {[%clk 0:46:45]} 20. Qe4 {[%clk 0:35:12]} Qxe4
{[%clk 0:42:57]} 21. Nxe4 {[%clk 0:35:40]} c5 {[%clk 0:39:27]} 22. h3
{[%clk 0:32:02]} Be6 {[%clk 0:39:37]} 23. b3 {[%clk 0:32:05]} a5 {[%clk 0:38:50]}
24. c4 {[%clk 0:26:40]} a4 {[%clk 0:37:40]} 25. Nc3 {[%clk 0:26:29]} axb3
{[%clk 0:36:46]} 26. axb3 {[%clk 0:26:58]} c6 {[%clk 0:35:19]} 27. Rxd8+
{[%clk 0:20:38]} Rxd8 {[%clk 0:35:22]} 28. Rd1 {[%clk 0:20:57]} Rb8
{[%clk 0:33:21]} 29. Nd2 {[%clk 0:19:38]} f6 {[%clk 0:26:28]} 30. exf6
{[%clk 0:17:16]} Bxf6 {[%clk 0:25:44]} 31. Nce4 {[%clk 0:17:18]} Be7
{[%clk 0:21:58]} 32. Ra1 {[%clk 0:16:09]} Bf5 {[%clk 0:18:12]} 33. Ra7
{[%clk 0:15:11]} Bf8 {[%clk 0:17:08]} 34. Ng3 {[%clk 0:11:10]} Bg6
{[%clk 0:15:50]} 35. Rc7 {[%clk 0:10:32]} h4 {[%clk 0:14:36]} 36. Ngf1
{[%clk 0:07:05]} Bc2 {[%clk 0:12:08]} 37. Rxc6 {[%clk 0:06:29]} Bxb3
{[%clk 0:12:26]} 38. Ne3 {[%clk 0:06:36]} Ba4 {[%clk 0:11:29]} 39. Ra6
{[%clk 0:06:22]} Bd7 {[%clk 0:09:34]} 40. Kf1 {[%clk 0:33:27]} Bc8
{[%clk 0:36:31]} 41. Rc6 {[%clk 0:31:30]} Bb7 {[%clk 0:35:00]} 42. Rg6
{[%clk 0:25:48]} Be7 {[%clk 0:33:21]} 43. Rg4 {[%clk 0:23:09]} Bf6
{[%clk 0:31:17]} 44. Ne4 {[%clk 0:21:37]} Bxe4 {[%clk 0:28:09]} 45. Rxe4
{[%clk 0:22:06]} Kf7 {[%clk 0:26:16]} 46. Nd5 {[%clk 0:13:54]} g5
{[%clk 0:25:16]} 47. f4 {[%clk 0:13:12]} Rb1+ {[%clk 0:21:37]} 48. Ke2
{[%clk 0:12:50]} Rb2+ {[%clk 0:21:52]} 49. Kf3 {[%clk 0:12:25]} Rb3+
{[%clk 0:22:11]} 50. Re3 {[%clk 0:12:23]} Rxe3+ {[%clk 0:21:21]} 51. Kxe3
{[%clk 0:12:52]} gxf4+ {[%clk 0:21:12]} 52. Kxf4 {[%clk 0:13:13]} Bd4
{[%clk 0:20:40]} 53. Kf5 {[%clk 0:13:21]} Bf2 {[%clk 0:20:31]} 54. Nf4
{[%clk 0:11:07]} Ke7 {[%clk 0:18:17]} 55. Ke5 {[%clk 0:08:54]} Kf7
{[%clk 0:16:47]} 56. Nd3 {[%clk 0:08:29]} Be3 {[%clk 0:15:47]} 57. Kd5
{[%clk 0:08:07]} Kf6 {[%clk 0:15:31]} 58. Nxc5 {[%clk 0:08:31]} Kf5
{[%clk 0:14:42]} 59. Ne6 {[%clk 0:07:42]} Bf2 {[%clk 0:12:31]} 60. c5
{[%clk 0:08:06]} 1-0

[Event "EYTCC-G"]
[Site "?"]
[Date "2017.08.20"]
[Round "4.3"]
[White "Kiolbasa, Oliwia"]
[Black "Sliwicka, Alicja"]
[Result "1-0"]
[BlackElo "2204"]
[WhiteElo "2241"]
[LiveChessVersion "1.4.6"]

1. e4 {[%clk 1:30:50]} e5 {[%clk 1:30:55]} 2. Nf3 {[%clk 1:31:05]} Nc6
{[%clk 1:31:18]} 3. Nc3 {[%clk 1:31:15]} Nf6 {[%clk 1:31:28]} 4. Bb5
{[%clk 1:31:25]} Bb4 {[%clk 1:31:44]} 5. O-O {[%clk 1:31:26]} O-O
{[%clk 1:32:03]} 6. d3 {[%clk 1:31:40]} d6 {[%clk 1:32:13]} 7. Ne2
{[%clk 1:31:37]} Bg4 {[%clk 1:23:49]} 8. c3 {[%clk 1:26:29]} Bxf3
{[%clk 1:19:23]} 9. gxf3 {[%clk 1:26:43]} Bc5 {[%clk 1:18:49]} 10. d4
{[%clk 1:06:52]} exd4 {[%clk 1:16:15]} 11. cxd4 {[%clk 1:06:53]} Bb6
{[%clk 1:16:21]} 12. Be3 {[%clk 1:00:26]} Ne7 {[%clk 1:15:10]} 13. Kh1
{[%clk 0:57:07]} Ng6 {[%clk 1:11:21]} 14. Ng3 {[%clk 0:56:43]} c6
{[%clk 1:07:10]} 15. Bd3 {[%clk 0:52:43]} Qd7 {[%clk 1:00:39]} 16. Rg1
{[%clk 0:50:55]} Kh8 {[%clk 0:54:11]} 17. a4 {[%clk 0:43:27]} a5 {[%clk 0:52:58]}
18. Rc1 {[%clk 0:41:19]} Rfe8 {[%clk 0:46:20]} 19. Qc2 {[%clk 0:35:00]} Nh4
{[%clk 0:44:02]} 20. Be2 {[%clk 0:33:50]} h6 {[%clk 0:42:14]} 21. Rcd1
{[%clk 0:28:34]} Qe7 {[%clk 0:40:19]} 22. Qc1 {[%clk 0:22:09]} Qf8
{[%clk 0:38:26]} 23. Rd3 {[%clk 0:16:54]} Rab8 {[%clk 0:34:08]} 24. Rb3
{[%clk 0:15:10]} Bd8 {[%clk 0:31:25]} 25. Bf4 {[%clk 0:12:11]} Bc7
{[%clk 0:25:39]} 26. d5 {[%clk 0:09:40]} Rec8 {[%clk 0:22:23]} 27. dxc6
{[%clk 0:09:37]} bxc6 {[%clk 0:22:30]} 28. Rxb8 {[%clk 0:09:16]} Bxb8
{[%clk 0:22:44]} 29. Bxh6 {[%clk 0:07:00]} Ng6 {[%clk 0:18:39]} 30. Bg5
{[%clk 0:06:08]} Nh7 {[%clk 0:18:33]} 31. Bd2 {[%clk 0:06:34]} d5
{[%clk 0:17:26]} 32. Nf5 {[%clk 0:04:46]} d4 {[%clk 0:16:39]} 33. Ba6
{[%clk 0:04:03]} Rc7 {[%clk 0:15:46]} 34. Bxa5 {[%clk 0:03:05]} Ra7
{[%clk 0:14:33]} 35. Qxc6 {[%clk 0:02:15]} Ne5 {[%clk 0:13:30]} 36. Qb5
{[%clk 0:02:16]} Nxf3 {[%clk 0:10:24]} 37. Rc1 {[%clk 0:02:19]} Bc7
{[%clk 0:06:03]} 38. Bxc7 {[%clk 0:01:22]} Qa8 {[%clk 0:04:46]} 39. Bb8
{[%clk 0:00:41]} Qxe4 {[%clk 0:03:06]} 40. Ng3 {[%clk 0:30:40]} Qh4
{[%clk 0:30:49]} 41. Rc8+ {[%clk 0:30:29]} Nf8 {[%clk 0:31:02]} 42. Rxf8+
{[%clk 0:30:48]} Kh7 {[%clk 0:31:29]} 43. Qf5+ {[%clk 0:30:51]} 1-0

[Event "EYTCC-G"]
[Site "?"]
[Date "2017.08.20"]
[Round "4.4"]
[White "Antolak, Julia"]
[Black "Kubicka, Anna"]
[Result "0-1"]
[BlackElo "2226"]
[WhiteElo "2204"]
[LiveChessVersion "1.4.6"]

1. e4 {[%clk 1:30:57]} e5 {[%clk 1:30:38]} 2. Nf3 {[%clk 1:31:20]} Nc6
{[%clk 1:30:55]} 3. Bb5 {[%clk 1:31:40]} Nf6 {[%clk 1:30:59]} 4. O-O
{[%clk 1:30:46]} Nxe4 {[%clk 1:30:49]} 5. d4 {[%clk 1:24:50]} Nd6
{[%clk 1:30:00]} 6. Bxc6 {[%clk 1:24:14]} dxc6 {[%clk 1:30:18]} 7. dxe5
{[%clk 1:23:33]} Nf5 {[%clk 1:30:31]} 8. Qxd8+ {[%clk 1:21:05]} Kxd8
{[%clk 1:30:55]} 9. Nc3 {[%clk 1:17:45]} Ke8 {[%clk 1:30:25]} 10. Ne2
{[%clk 1:16:27]} b6 {[%clk 1:28:53]} 11. Rd1 {[%clk 1:13:15]} Ba6
{[%clk 1:24:59]} 12. Ned4 {[%clk 1:11:39]} Nxd4 {[%clk 1:23:49]} 13. Nxd4
{[%clk 1:11:30]} c5 {[%clk 1:21:32]} 14. Nf5 {[%clk 1:11:04]} Be2
{[%clk 1:17:46]} 15. Re1 {[%clk 1:10:32]} Bg4 {[%clk 1:17:53]} 16. Ng3
{[%clk 1:09:18]} h5 {[%clk 1:12:34]} 17. h3 {[%clk 1:06:34]} Be6 {[%clk 1:11:45]}
18. Bf4 {[%clk 1:05:20]} Be7 {[%clk 1:09:45]} 19. Ne4 {[%clk 1:03:33]} Kd7
{[%clk 1:05:55]} 20. Ng5 {[%clk 1:02:40]} Rhd8 {[%clk 1:00:19]} 21. Rad1+
{[%clk 0:59:56]} Kc6 {[%clk 1:00:30]} 22. Nxe6 {[%clk 0:59:20]} fxe6
{[%clk 1:00:55]} 23. Kf1 {[%clk 0:59:29]} c4 {[%clk 1:00:33]} 24. b3
{[%clk 0:52:07]} Rxd1 {[%clk 1:00:18]} 25. Rxd1 {[%clk 0:52:25]} Rd8
{[%clk 0:58:52]} 26. Re1 {[%clk 0:40:45]} Rd4 {[%clk 0:47:07]} 27. Be3
{[%clk 0:33:30]} Rd5 {[%clk 0:39:20]} 28. f4 {[%clk 0:31:53]} Ra5
{[%clk 0:29:39]} 29. a4 {[%clk 0:27:11]} Bb4 {[%clk 0:26:35]} 30. Rd1
{[%clk 0:23:55]} Rd5 {[%clk 0:25:57]} 31. Rb1 {[%clk 0:22:49]} cxb3
{[%clk 0:25:11]} 32. cxb3 {[%clk 0:22:28]} Rd3 {[%clk 0:23:21]} 33. Ke2
{[%clk 0:22:26]} Rc3 {[%clk 0:22:26]} 34. g4 {[%clk 0:14:14]} g6 {[%clk 0:07:33]}
35. Rd1 {[%clk 0:08:53]} Rxb3 {[%clk 0:05:07]} 36. Rd8 {[%clk 0:07:29]} h4
{[%clk 0:03:26]} 37. Rg8 {[%clk 0:06:11]} Rb2+ {[%clk 0:02:52]} 38. Kd3
{[%clk 0:06:00]} Rh2 {[%clk 0:03:11]} 39. Ke4 {[%clk 0:05:08]} Re2
{[%clk 0:02:35]} 40. Kd3 {[%clk 0:34:30]} Ra2 {[%clk 0:32:36]} 41. Rxg6
{[%clk 0:27:45]} Kd5 {[%clk 0:32:24]} 42. Rg7 {[%clk 0:27:46]} Ra3+
{[%clk 0:32:32]} 43. Ke2 {[%clk 0:28:06]} Ke4 {[%clk 0:32:40]} 44. Bc1
{[%clk 0:28:22]} Rxh3 {[%clk 0:29:36]} 45. Rxc7 {[%clk 0:28:19]} Rh2+
{[%clk 0:29:50]} 46. Kd1 {[%clk 0:27:59]} Bc5 {[%clk 0:27:29]} 47. Rd7
{[%clk 0:17:05]} Bd4 {[%clk 0:25:55]} 48. Ba3 {[%clk 0:17:03]} Kd3
{[%clk 0:25:30]} 49. Bb4 {[%clk 0:17:25]} Ra2 {[%clk 0:24:40]} 0-1